| 000 -CABECERA |
| Campo de control de longitud fija |
01808nam a22003377a 4500 |
| 003 - IDENTIFICADOR DEL NÚMERO DE CONTROL |
| Campo de control |
OSt |
| 005 - FECHA Y HORA DE LA ÚLTIMA TRANSACCIÓN |
| Campo de control |
20260420141900.0 |
| 008 - CÓDIGOS DE INFORMACIÓN DE LONGITUD FIJA |
| Campo de control de longitud fija |
260420t2005 xxu||||| |||| 00| 0 spa d |
| 020 ## - NÚMERO INTERNACIONAL NORMALIZADO PARA LIBROS (ISBN) |
| Número Internacional Normalizado para Libros (ISBN) |
9806574346 |
| 020 ## - NÚMERO INTERNACIONAL NORMALIZADO PARA LIBROS (ISBN) |
| Número Internacional Normalizado para Libros (ISBN) |
8821427145 |
| 040 ## - FUENTE DE LA CATALOGACIÓN |
| Centro catalogador de origen |
Unicoc |
| Lengua de catalogación |
spa |
| Centro que cataloga |
Bogotá (Dr. David Ordóñez Rueda) - Campus Norte |
| Centro modificador |
Bogotá (Dr. David Ordóñez Rueda) - Campus Norte |
| 082 ## - NÚMERO DE LA CLASIFICACIÓN DECIMAL DEWEY |
| Número de clasificación |
617.643 |
| 100 ## - PUNTO DE ACCESO PRINCIPAL - NOMBRE DE PERSONA |
| 9 (RLIN) |
13020 |
| Nombre de persona |
Testa, Mauro |
| 245 ## - MENCIÓN DE TÍTULO |
| Título |
Técnicas ortodónticas |
| Subtitulo o Resto del título |
: Guía para la construcción y utilización de dispositivos terapéuticos |
| Mención de responsabilidad etc. |
/ Mauro Testa, Ugo Comparelli, Georges Kratzenberg |
| 250 ## - MENCIÓN DE EDICIÓN |
| Mención de edición |
1 Ed. |
| 260 ## - PUBLICATION, DISTRIBUTION, ETC. (IMPRINT) |
| Lugar de publicación distribución etc. |
Venezuela : |
| Nombre del editor distribuidor etc. |
Amolca , |
| Fecha de publicación distribución etc. |
2005 |
| 300 ## - DESCRIPCIÓN FÍSICA |
| Extensión |
117 páginas |
| Otras características físicas |
Ilustraciones, diagramas, tablas, gráficas |
| 505 ## - NOTA DE CONTENIDO CON FORMATO |
| Título |
Capítulo 1. Normoclusión y clasificación de las maloclusiones dentarias. -- |
| -- |
Capítulo 2. Sistemas retentivos. -- |
| -- |
Capítulo 3. Los aparatos ortodónticos mecánicos removibles. -- |
| -- |
Capítulo 4. Dispositivos terapéuticos para las alteraciones temporomandibulares y neuromusculares. -- |
| -- |
Capítulo 5. Los dispositivos ortopédicos-funcionales. -- |
| -- |
Capítulo 6. La terapia miofuncional y los dispositivos ortodónticos coadyuvantes. -- |
| -- |
Capítulo 7. Los dispositivos ortodónticos fijos. -- |
| 526 ## - NOTA DE INFORMACIÓN SOBRE EL PROGRAMA DE ESTUDIO |
| Institución que aplica el campo |
Unicoc |
| 546 ## - NOTA DE LENGUA |
| Nota de lengua |
Español |
| 650 #0 - PUNTO DE ACCESO ADICIONAL DE MATERIA - TÉRMINO DE MATERIA |
| 9 (RLIN) |
258 |
| Término de materia o nombre geográfico como elemento inicial |
Prótesis dental |
| 650 #0 - PUNTO DE ACCESO ADICIONAL DE MATERIA - TÉRMINO DE MATERIA |
| 9 (RLIN) |
178 |
| Término de materia o nombre geográfico como elemento inicial |
Aparatos ortodóncicos |
| 650 #0 - PUNTO DE ACCESO ADICIONAL DE MATERIA - TÉRMINO DE MATERIA |
| 9 (RLIN) |
8446 |
| Término de materia o nombre geográfico como elemento inicial |
Diseño de aparatos de Ortodoncia |
| 650 #0 - PUNTO DE ACCESO ADICIONAL DE MATERIA - TÉRMINO DE MATERIA |
| 9 (RLIN) |
13026 |
| Término de materia o nombre geográfico como elemento inicial |
Métodos de anclaje en ortodoncia |
| 650 #0 - PUNTO DE ACCESO ADICIONAL DE MATERIA - TÉRMINO DE MATERIA |
| 9 (RLIN) |
13025 |
| Término de materia o nombre geográfico como elemento inicial |
Retención ortodóntica |
| 658 #0 - TÉRMINO DE INDIZACIÓN - OBJETIVO CURRICULAR |
| 9 (RLIN) |
11722 |
| Programa Académico |
Especialización en Ortodoncia y Ortopedia Maxilar |
| 700 ## - PUNTO DE ACCESO ADICIONAL - NOMBRE DE PERSONA |
| 9 (RLIN) |
13021 |
| Nombre de persona |
Comparelli, Ugo |
| 700 ## - PUNTO DE ACCESO ADICIONAL - NOMBRE DE PERSONA |
| 9 (RLIN) |
13022 |
| Nombre de persona |
Kratzenberg, Georges |
| 856 ## - LOCALIZACIÓN Y ACCESO ELECTRÓNICOS |
| Texto del enlace |
Acceso online exclusivo para comunidad Unicoc. |
| Identificador Uniforme del Recurso (URI) |
https://unicoceduco-my.sharepoint.com/:b:/g/personal/direccionbiblioteca_unicoc_edu_co/IQDFMwikwf1XTajLsZda1hXaAVgpWlqBsSPybi-FS5e9c5s |
| 942 ## - ENTRADA PARA ELEMENTOS AGREGADOS (KOHA) |
| Fuente de clasificación o esquema de ordenación en estanterías |
|
| Koha [por defecto] tipo de item |
Libro electrónico |